Länder Asiens nach konservativen Parteien - Statistiken

Allgemein
  • Dieses Quiz wurde 4 mal gespielt
  • Das Durchschnittsergebnis liegt bei 9 aus 12
Antwortstatistiken
Parteien Länder % Korrekt
Bharatiya Janata Party, Shiv Sena Indien
100%
Partai Demokrasi _ Perjuangan, Partai Golongan Karya, Partai Persatuan Pembangunan Indonesien
100%
Jiyūminshutō, Kokumin Shintō, Kōmeitō, Shintō Nippon Japan
100%
_ Chinese Association, _ Indian Congress Malaysia
100%
Jedinaja _, Prawoje Delo, _ Konservative Partei – Für unser Vaterland Russland
100%
Kuomintang, Qinmindang, Xindang Taiwan
100%
Adalet ve Kalkınma Partisi, Demokrat Parti, İyi Parti, Milliyetçi Hareket Partisi Türkei
100%
Jame'e-ye Rowhaniyat-e Mobarez Iran
67%
Phak Prachatipat Thailand
67%
Agonistiko Dimokratiko Kinima, Demokrat Parti, Dimokratikos Synagermos, Ulusal Birlik Partisi Zypern
67%
Azgayin Miabanutyun, Hajastani Hanrapetakan Kussakzutjun Armenien
33%
HaJamin HeChadasch, Jahadut haTorah haMeuchedet, Likud, Mafdal – HaTzionut HaDatit, Noam, Otzma Jehudit, Shomrei-Torah Sfaradim, Tkuma Israel
0%
Keine übereinstimmenden Quizze gefunden
Verteilung der Resultate
Anzahl Personen mit jedem Resultat
Perzentil nach korrekt beantworteten Fragen
Ihre Resultats-Entwicklung
Sie haben dieses Quiz noch nicht gespielt